Geography of Arkansas - Statistics

General Stats
  • This quiz has been taken 57 times
  • The average score is 14 of 20
Answer Stats
Question Answer % Correct
What is the state capital of Arkansas? Little Rock
98%
What river forms the eastern border of Arkansas? Mississippi River
96%
Located near Murfreesboro is the only public mine in North America for what gem? Diamond
85%
What geothermal national park can be found in Arkansas? Hot Springs
85%
What city is located north of the above? (you don't have to think much) North Little Rock
85%
What U.S. state does the above city border? Oklahoma
85%
What city is on the Texas–Arkansas border and named for both states? Texarkana
83%
What plateau region is located in northern Arkansas? The {Ozark}s
83%
What river flows through the state capital? Arkansas River
80%
What city is home to the main campus of the University of Arkansas? Fayetteville
78%
What city is home to the headquarters of Walmart? {Benton}ville
76%
What "fort" is the third-largest city in Arkansas? Fort Smith
72%
What grain does Arkansas lead the U.S. in harvesting, with 45% of U.S. production? Rice
59%
What is the nickname of Arkansas? The {Natural} State
59%
What city was the birthplace of Bill Clinton and Mike Huckabee? Hope
54%
What is the highest point in Arkansas, at 2,753 feet? (hint: something found in waiting rooms) {Magazine} Mountain
54%
What metro area is Crittenden County part of? Memphis
54%
What is the largest city in northeast Arkansas? Jonesboro
52%
What mountain range is located in western Arkansas? {Ouachita} Mountains
43%
What city has the headquarters for Tyson Foods? Springdale
28%
No matching quizzes found
Score Distribution
Percent of People with Each Score
Percentile by Number Answered
Your Score History
You have not taken this quiz